UBT Library

Human resources management and supervision : (Record no. 44996)

000 -LEADER
fixed length control field 00745cam a22002414a 4500
001 - CONTROL NUMBER
control field 14484708
005 - DATE AND TIME OF LATEST TRANSACTION
control field 20180314060652.0
008 - FIXED-LENGTH DATA ELEMENTS--GENERAL INFORMATION
fixed length control field 060807s2007 njua 001 0 eng c
010 ## - LIBRARY OF CONGRESS CONTROL NUMBER
LC control number 2006297213
020 ## - INTERNATIONAL STANDARD BOOK NUMBER
International Standard Book Number 0132222124
035 ## - SYSTEM CONTROL NUMBER
System control number (OCoLC)ocm70139557
040 ## - CATALOGING SOURCE
Original cataloging agency COO
Transcribing agency COO
Modifying agency DLC
041 ## - LANGUAGE CODE
Language code of text/sound track or separate title eng
042 ## - AUTHENTICATION CODE
Authentication code pcc
080 ## - UNIVERSAL DECIMAL CLASSIFICATION NUMBER
Universal Decimal Classification number 658
100 ## - Rafti
Rafti 54
101 ## - Shkurtesa
Shkurtesa man
245 00 - TITLE STATEMENT
Title Human resources management and supervision :
Statement of responsibility, etc National Restaurant Association, Educational Foundation.
246 1# - VARYING FORM OF TITLE
Display text At head of title:
Title proper/short title NRAEF ManageFirst
906 ## - LOCAL DATA ELEMENT F, LDF (RLIN)
a 7
b cbc
c pccadap
d 2
e ncip
f 20
g y-gencatlg
942 ## - ADDED ENTRY ELEMENTS (KOHA)
Source of classification or shelving scheme
Item type Books
Holdings
Withdrawn status Lost status Source of classification or shelving scheme Damaged status Not for loan Collection code Permanent location Current location Shelving location Date acquired Total Checkouts Full call number Barcode Date last seen Price effective from Koha item type
          Koleksioni i përgjithshem UBT - Lipjan UBT - Lipjan Koleksioni i përgjithshem 03/14/2018   658 jame.r 002-3002147 03/14/2018 03/14/2018 Books
UBT Library © 2015-2024. All rights reserved University Education for Business and Technology